<?xml version="1.0" encoding="UTF-8"?>
<collection xmlns:xsi="http://www.w3.org/2001/XMLSchema-instance" xsi:schemaLocation="http://www.loc.gov/MARC21/slim http://www.loc.gov/standards/marcxml/schema/MARC21slim.xsd" xmlns="http://www.loc.gov/MARC21/slim">
 <record>
  <leader>00000ctm a22000004i 4500</leader>
  <controlfield tag="001">UP-99796217613547292</controlfield>
  <controlfield tag="003">Buklod</controlfield>
  <controlfield tag="005">20230606142921.0</controlfield>
  <controlfield tag="006">m     o  u        </controlfield>
  <controlfield tag="007">ta</controlfield>
  <controlfield tag="008">230606s2019    xx     d m   |||| ||    |</controlfield>
  <datafield tag="035" ind1=" " ind2=" ">
   <subfield code="a">(iLib)UPD-00520970908</subfield>
  </datafield>
  <datafield tag="040" ind1="0" ind2=" ">
   <subfield code="a">DEDUC</subfield>
   <subfield code="e">rda</subfield>
  </datafield>
  <datafield tag="041" ind1="0" ind2=" ">
   <subfield code="a">eng</subfield>
  </datafield>
  <datafield tag="042" ind1=" " ind2=" ">
   <subfield code="a">DMLUC</subfield>
  </datafield>
  <datafield tag="090" ind1="0" ind2="0">
   <subfield code="a">LG 995 2019 E36</subfield>
   <subfield code="b">K35</subfield>
  </datafield>
  <datafield tag="100" ind1="1" ind2=" ">
   <subfield code="a">Kalaw, Jerome S.</subfield>
   <subfield code="e">author.</subfield>
  </datafield>
  <datafield tag="245" ind1="1" ind2="0">
   <subfield code="a">Parental roles and strategies in career planning for employed persons with disabilities</subfield>
   <subfield code="c">Jerome S. Kalaw ; Frances Olivia M. Magtoto, thesis adviser ; Lizamarie C. Olegario, thesis reader ; Irene C. Oael, Maria Mercedes E. Arzadon, critic/reader members.</subfield>
  </datafield>
  <datafield tag="264" ind1=" " ind2="1">
   <subfield code="a">Quezon City</subfield>
   <subfield code="b">College of Education, University of the Philippines Diliman</subfield>
   <subfield code="c">2019.</subfield>
  </datafield>
  <datafield tag="300" ind1=" " ind2=" ">
   <subfield code="a">v, 99 leaves</subfield>
   <subfield code="b">illustrations</subfield>
   <subfield code="c">28 cm.</subfield>
  </datafield>
  <datafield tag="336" ind1=" " ind2=" ">
   <subfield code="a">text</subfield>
   <subfield code="2">rdacontent</subfield>
  </datafield>
  <datafield tag="337" ind1=" " ind2=" ">
   <subfield code="a">unmediated</subfield>
   <subfield code="2">rdamedia</subfield>
  </datafield>
  <datafield tag="338" ind1=" " ind2=" ">
   <subfield code="a">volume</subfield>
   <subfield code="2">rdacarrier</subfield>
  </datafield>
  <datafield tag="502" ind1=" " ind2=" ">
   <subfield code="a">Thesis </subfield>
   <subfield code="b">Master of Arts in Education - Special Education</subfield>
   <subfield code="c">University of the Philippines, Diliman</subfield>
   <subfield code="d">July 2019.</subfield>
  </datafield>
  <datafield tag="504" ind1=" " ind2=" ">
   <subfield code="a">Includes bibliographical references.</subfield>
  </datafield>
  <datafield tag="506" ind1=" " ind2=" ">
   <subfield code="a">This thesis is available to the public.</subfield>
  </datafield>
  <datafield tag="520" ind1="0" ind2=" ">
   <subfield code="a">This qualitative study examined the context in which parents whose children with disabilities have successfully been employed. If focused on the parental roles played during the career planning of their children with disabilities, and strategies used to overcome challenges to allow their children to be employed persons with disability. By looking into parental involvement specific to career planning of PWDs, an emerging framework is proposed. In-depth interviews conducted traversed the childs early childhood, formal schooling and transition to work, and employment. Three parents representing different socio-economic classes (from upper to lower-middle class) participated in the study. Each of them had a child diagnosed with either autism or intellectual disability. Identified themes were that: (1) The parents guided their children through early school years up to career planning - the father being the financial provider while the mother focused on childcare; (2) They provided academic and psychosocial support by becoming their childs tutor and behavior coach, liaising with training providers, and being social change agent; (3) Parents sought the help of a professional such as Job Coach and other agencies that could help their children to have career opportunities; (4) The mothers studied Special Education to understand their childrens needs and equip themselves with skills to provide academic and psychosocial support that helped in their childrens career planning; (5) Connections and linkages enabled them to find possible career opportunities for their children.</subfield>
  </datafield>
  <datafield tag="650" ind1=" " ind2="0">
   <subfield code="a">Parents of children with disabilities</subfield>
   <subfield code="z">Philippines.</subfield>
  </datafield>
  <datafield tag="650" ind1=" " ind2="0">
   <subfield code="a">People with disabilities</subfield>
   <subfield code="x">Vocational guidance</subfield>
   <subfield code="z">Philippines.</subfield>
  </datafield>
  <datafield tag="650" ind1=" " ind2="0">
   <subfield code="a">People with disabilities</subfield>
   <subfield code="x">Employment</subfield>
   <subfield code="z">Philippines.</subfield>
  </datafield>
  <datafield tag="700" ind1="1" ind2=" ">
   <subfield code="a">Magtoto, Frances Olivia M.</subfield>
   <subfield code="e">thesis adviser.</subfield>
  </datafield>
  <datafield tag="700" ind1="1" ind2=" ">
   <subfield code="a">Olegario, Lizamarie Campoamor</subfield>
   <subfield code="e">thesis reader.</subfield>
  </datafield>
  <datafield tag="700" ind1="1" ind2=" ">
   <subfield code="a">Oael, Irene C.</subfield>
   <subfield code="e">critic/reader member.</subfield>
  </datafield>
  <datafield tag="700" ind1="1" ind2=" ">
   <subfield code="a">Arzadon, Maria Mercedes E.</subfield>
   <subfield code="e">critic/reader member.</subfield>
  </datafield>
  <datafield tag="842" ind1=" " ind2=" ">
   <subfield code="a">Thesis</subfield>
  </datafield>
  <datafield tag="905" ind1=" " ind2=" ">
   <subfield code="a">FI</subfield>
  </datafield>
  <datafield tag="905" ind1=" " ind2=" ">
   <subfield code="a">UP</subfield>
  </datafield>
  <datafield tag="852" ind1="0" ind2=" ">
   <subfield code="a">UPD</subfield>
   <subfield code="b">DEDUC</subfield>
   <subfield code="h">LG 995 2019 E36</subfield>
   <subfield code="i">K35</subfield>
  </datafield>
  <datafield tag="942" ind1=" " ind2=" ">
   <subfield code="a">Thesis</subfield>
  </datafield>
 </record>
</collection>
